| 000 | 00392nam a22001577a 4500 | ||
|---|---|---|---|
| 005 | 20241217100545.0 | ||
| 008 | 241217b |||||||| |||| 00| 0 eng d | ||
| 020 | _a9781403917096 | ||
| 050 |
_aP90 _bSTA |
||
| 100 | _aStanton, Nicky | ||
| 245 | _aMASTERING COMMUNICATION | ||
| 250 | _a4TH | ||
| 260 |
_aNEW YORK _bPALGRAVE MACMILAN _cc2004 |
||
| 300 |
_axiv,438p; _bill.; |
||
| 942 |
_2lcc _cBK _n0 |
||
| 999 |
_c2360 _d2360 |
||